[Event "Plomari op 1st"]
[Site "Plomari"]
[Date "2019.07.25"]
[Round "9"]
[White "Tzonev, Kirjl"]
[Black "Bantavanis, Georgios"]
[Result "1-0"]
[WhiteElo "1865"]
[BlackElo "1480"]
[PlyCount "93"]
[EventDate "2019.07.18"]
[EventType "swiss"]
[EventRounds "9"]
[EventCountry "GRE"]
[SourceTitle "EXT 2020"]
[Source "ChessBase"]
[SourceDate "2019.10.17"]
[SourceVersion "1"]
[SourceVersionDate "2019.10.17"]
[SourceQuality "1"]

1. e4 e6 2. d4 d5 3. Nc3 Bb4 4. e5 c5 5. a3 Bxc3+ 6. bxc3 Ne7 7. Qg4 0-0 8. Bg5 Qa5 9. Bd2 Nbc6 10. Nf3 c4 11. Be2 Qa4 12. Ra2 Qb5 13. 0-0 Bd7 14. h4 f6 15. Raa1 f5 16. Qg3 Qa5 17. h5 Kh8 18. Rfb1 Qc7 19. h6 gxh6 20. Bxh6 Rg8 21. Qh4 Rg6 22. Ng5 f4 23. Bf8 Rxg5 24. Bxe7 Rg6 25. Bf6+ Kg8 26. Bh5 Be8 27. Bxg6 Bxg6 28. Qxf4 b6 29. Qg3 Ne7 30. a4 Nf5 31. Qg5 Ng7 32. a5 bxa5 33. Rb5 Rb8 34. Rbxa5 Rb7 35. Bxg7 Qxg7 36. Rxa7 Rxa7 37. Qd8+ Qf8 38. Qxf8+ Kxf8 39. Rxa7 Bxc2 40. Kh2 Bg6 41. g4 h6 42. f4 Be4 43. Kg3 Bd3 44. Kh4 Bg6 45. f5 exf5 46. gxf5 Bxf5 47. Kh5 1-0

[Event "Plomari op 1st"]
[Site "Plomari"]
[Date "2019.07.21"]
[Round "5"]
[White "Gulie, Cosmin"]
[Black "Tzonev, Kirjl"]
[Result "1/2-1/2"]
[WhiteElo "2004"]
[BlackElo "1865"]
[PlyCount "127"]
[EventDate "2019.07.18"]
[EventType "swiss"]
[EventRounds "9"]
[EventCountry "GRE"]
[SourceTitle "EXT 2020"]
[Source "ChessBase"]
[SourceDate "2019.10.17"]
[SourceVersion "1"]
[SourceVersionDate "2019.10.17"]
[SourceQuality "1"]

1. e4 e5 2. Nf3 Nc6 3. Bc4 Nf6 4. d3 h6 5. 0-0 Be7 6. c3 0-0 7. Re1 d5 8. exd5 Nxd5 9. Nxe5 Nxe5 10. Rxe5 Nb6 11. Bb3 Bd6 12. Re1 Qh4 13. g3 Qh3 14. Qf3 Bg4 15. Qg2 Qh5 16. Be3 Bf3 17. Qf1 Nd5 18. Nd2 Nxe3 19. Rxe3 Bc6 20. Rae1 Kh8 21. Ne4 f5 22. Nxd6 cxd6 23. f4 Rf6 24. d4 Be4 25. c4 Rc8 26. d5 b5 27. cxb5 Qf7 28. Rd1 Rc5 29. Rc3 Qc7 30. Rxc5 Qxc5+ 31. Qf2 Qxb5 32. Qxa7 Rf7 33. Qe3 Rc7 34. Kf2 Qb4 35. Rd4 Qb7 36. Rd1 Qc8 37. Kg1 Qb7 38. Qd4 Qa6 39. Kf2 h5 40. h4 Qc8 41. Qe3 Kh7 42. Qe2 g6 43. Qe3 Kg7 44. Qd4+ Kf7 45. Qe3 Qh8 46. Qd2 Qc8 47. Qd4 Qa6 48. Qe3 Qc8 49. Ba4 Qa6 50. Bc6 Qxa2 51. Qc3 Qa7+ 52. Qd4 Qb8 53. b4 Ra7 54. b5 Ra3 55. Ra1 Rxa1 56. Qxa1 Qb6+ 57. Ke2 Qc5 58. Qe1 Qd4 59. Kf1 Qd3+ 60. Qe2 Qxg3 61. Qf2 Qh3+ 62. Ke1 Qc3+ 63. Qd2 Qg3+ 64. Qf2 1/2-1/2

[Event "Sofia MGU op 191st"]
[Site "Sofia"]
[Date "2017.09.30"]
[Round "1"]
[White "Tzonev, Kirjl"]
[Black "Georgiev, Nikolay"]
[Result "1-0"]
[WhiteElo "1855"]
[BlackElo "1572"]
[PlyCount "45"]
[EventDate "2017.09.30"]
[EventType "swiss"]
[EventRounds "6"]
[EventCountry "BUL"]
[SourceTitle "EXT 2018"]
[Source "ChessBase"]
[SourceDate "2017.10.13"]
[SourceVersion "1"]
[SourceVersionDate "2017.10.13"]
[SourceQuality "1"]

1. e4 e5 2. Nf3 Nc6 3. Bc4 Bc5 4. b4 Bxb4 5. c3 Bc5 6. 0-0 Qf6 7. d4 exd4 8. e5 Qg6 9. cxd4 Be7 10. Bd3 Qh5 11. Re1 Nh6 12. d5 Nb4 13. d6 Nxd3 14. Qxd3 Bd8 15. dxc7 Bxc7 16. Ba3 b6 17. Nc3 Bb7 18. Rad1 0-0-0 19. Nb5 Bb8 20. Nd6+ Bxd6 21. Bxd6 Nf5 22. Rc1+ Bc6 23. Qa6# 1-0

[Event "Sofia MGU op 180th"]
[Site "Sofia"]
[Date "2017.01.22"]
[Round "6"]
[White "Tzonev, Kirjl"]
[Black "Kostov, Nikolai"]
[Result "1-0"]
[WhiteElo "1877"]
[BlackElo "1709"]
[PlyCount "101"]
[EventDate "2017.01.21"]
[EventType "swiss"]
[EventRounds "6"]
[EventCountry "BUL"]
[SourceTitle "CBM 176 Extra"]
[Source "ChessBase"]
[SourceDate "2017.03.02"]
[SourceVersion "1"]
[SourceVersionDate "2017.03.02"]
[SourceQuality "1"]

1. e4 e5 2. Nf3 Nc6 3. Bc4 Nf6 4. d3 Be7 5. Nc3 0-0 6. 0-0 d6 7. h3 Na5 8. Bb3 Nxb3 9. axb3 c6 10. Qe2 Qc7 11. Be3 b6 12. d4 Re8 13. Rfd1 Bb7 14. d5 cxd5 15. exd5 Qd7 16. Bg5 Qd8 17. Bxf6 Bxf6 18. Qe4 g6 19. Ne2 h5 20. c4 Bc8 21. Ng3 h4 22. Nf1 Bf5 23. Qe2 Qd7 24. N3h2 e4 25. Ne3 Kg7 26. Nhg4 Bxg4 27. Nxg4 Bg5 28. b4 f5 29. Ne3 Qe7 30. Rac1 a5 31. c5 Bxe3 32. Qxe3 Qe5 33. cxb6 axb4 34. Rc7+ Kf6 35. Qh6 Re7 36. Qxh4+ Kf7 37. Rdc1 Rxc7 38. bxc7 Qe8 39. g4 Rc8 40. gxf5 gxf5 41. Qh5+ Ke7 42. Qxf5 Qg8+ 43. Kf1 e3 44. Qe4+ Kd7 45. Qe6+ Qxe6 46. dxe6+ Kxe6 47. fxe3 Ke5 48. Ke2 d5 49. Kd3 b3 50. h4 Kf5 51. Kd4 1-0

[Event "Sofia MGU op 180th"]
[Site "Sofia"]
[Date "2017.01.21"]
[Round "2"]
[White "Tzonev, Kirjl"]
[Black "Metev, Martin"]
[Result "1/2-1/2"]
[WhiteElo "1877"]
[BlackElo "2062"]
[PlyCount "90"]
[EventDate "2017.01.21"]
[EventType "swiss"]
[EventRounds "6"]
[EventCountry "BUL"]
[SourceTitle "CBM 176 Extra"]
[Source "ChessBase"]
[SourceDate "2017.03.02"]
[SourceVersion "1"]
[SourceVersionDate "2017.03.02"]
[SourceQuality "1"]

1. e4 e6 2. d4 d5 3. Nc3 Bb4 4. e5 c5 5. a3 Bxc3+ 6. bxc3 Qa5 7. Bd2 Ne7 8. Qg4 0-0 9. Nf3 c4 10. h4 Qa4 11. Rc1 f5 12. exf6 Rxf6 13. Ne5 Qxa3 14. Be2 Nbc6 15. 0-0 Nxe5 16. dxe5 Rf7 17. h5 Qc5 18. Be3 Qc7 19. Ra1 Qxe5 20. Bd4 Qc7 21. Bxa7 e5 22. Qg3 Nf5 23. Qh2 b5 24. Bb6 Qc6 25. Rxa8 Qxa8 26. g4 Qc6 27. Ba5 Nh6 28. g5 Nf5 29. Bb4 Qe6 30. Bg4 Qe8 31. Re1 e4 32. Qb8 Rb7 33. Qa8 g6 34. Bxf5 gxf5 35. Bc5 f4 36. g6 hxg6 37. Bd4 f3 38. Qa6 Qe6 39. Qxe6+ Bxe6 40. hxg6 Bf5 41. g7 Rb8 42. Kh2 Ra8 43. Kg3 Kf7 44. Kf4 Be6 45. Rh1 Rg8 1/2-1/2

[Event "Primorsko Dyuni op 1st"]
[Site "Primorsko"]
[Date "2016.05.23"]
[Round "6"]
[White "Kirilov, Ivaylo"]
[Black "Tzonev, Kirjl"]
[Result "1/2-1/2"]
[WhiteElo "1861"]
[BlackElo "1969"]
[PlyCount "44"]
[EventDate "2016.05.21"]
[EventType "swiss"]
[EventRounds "7"]
[EventCountry "BUL"]
[SourceTitle "CBM 172 Extra"]
[Source "ChessBase"]
[SourceDate "2016.06.21"]
[SourceVersion "1"]
[SourceVersionDate "2016.06.21"]
[SourceQuality "1"]

1. e4 e5 2. Nf3 Nc6 3. d4 exd4 4. Nxd4 Bc5 5. Be3 Nxd4 6. Bxd4 Bxd4 7. Qxd4 Qf6 8. c3 d6 9. Nd2 Bd7 10. Nf3 Ne7 11. Qxf6 gxf6 12. Nd4 f5 13. exf5 Nxf5 14. Nxf5 Bxf5 15. Kd2 Kd7 16. Bd3 Bxd3 17. Kxd3 Rhg8 18. g3 Rae8 19. Rae1 Re5 20. Re3 Rxe3+ 21. Kxe3 Re8+ 22. Kd2 Re5 1/2-1/2